| 000 | 02418cam a22005774i 4500 | ||
|---|---|---|---|
| 003 | PE-LiUPU | ||
| 005 | 20250731170450.0 | ||
| 008 | 150706s r 000 0 d | ||
| 020 | _a8434444739 | ||
| 035 | _a(Sirsi) i9788434444737 | ||
| 040 |
_aPE-LiUPU _bspa _cPE-LiUPU _erda |
||
| 049 | _aPRUA | ||
| 082 | 0 | 4 |
_a155.2 _bV34 _221 |
| 100 | 1 |
_aVázquez, José, _eautor. |
|
| 245 | 1 | 1 |
_a¡Qué carácter! : _bquiénes somos, cómo conocernos / _cJosé Vásquez. |
| 264 | 1 |
_aBarcelona : _bAriel, _c2005. |
|
| 300 |
_a206 páginas : _bilustraciones, fotos ; _c21 centímetros |
||
| 336 |
_atext _2rdacontent |
||
| 337 |
_aunmediated _2rdamedia |
||
| 338 |
_avolume _2rdacarrier |
||
| 505 | 0 | _a¿Tenemos una constitución, un temperamento, un carácter, una personalidad? -- Yo soy yo y mi circunstancia -- La cara, espejo del alma -- Desiderio, siempre triste y siempre serio -- ¿Soy ciclotímico? -- ¿Nervioso o sentimental? -- ¿Introvertido o extravertido? -- Inteligente y con carácter -- Cómo diagnosticar el carácter -- ¿Tienen los pueblos carácter? -- Soy como soy porque soy joven, porque soy mujer, porque soy hombre, porque soy mayor .o porque el mundo me ha hecho así -- ¿Es modificable el carácter? -- Educación, autoestima. | |
| 526 | _aSEG68 | ||
| 526 | _aSEG70 | ||
| 526 | _aSEG69 | ||
| 526 | _aSEG67 | ||
| 526 | _aSEG43 | ||
| 526 | _aP144 | ||
| 526 | _aP143 | ||
| 526 | _aP131 | ||
| 526 | _aP122 | ||
| 526 | _aP120 | ||
| 526 | _aP117 | ||
| 526 | _aP112 | ||
| 526 | _aP110 | ||
| 526 | _aP106 | ||
| 526 | _aP101 | ||
| 526 | _aP80 | ||
| 526 | _aP59 | ||
| 526 | _aP54 | ||
| 526 | _aP35 | ||
| 526 | _aP33 | ||
| 526 | _aP30 | ||
| 541 | _g001-0031672; | ||
| 650 | 0 | 4 | _aCarácter. |
| 910 | _d20100811 | ||
| 942 |
_2ddc _cBOOK |
||
| 949 |
_aPGE 155.2 V34 _wDEWEY _c1 _i62007 _d2016-9-28 _e2016-9-25 _lCCODEBUL1 _mBUL _n7 _p30.00 _q6 _r0 _sY _tBOOK _u2015-7-6 _xEDUCACION _PP57 _0COMPRA _o.CIRCNOTE. No olvidar cambiar la fecha de devolución!!!!!!! _o.STAFF. Colección General |
||
| 994 |
_aC0 _bPEPRU |
||
| 596 | _a1 | ||
| 999 |
_aPGE 155.2 V34 _wDEWEY _c51120 _i62007 _d51120 _e2016-9-25 _f2021-11-8 _g5 _lCCODEBUL1 _mBUL _n7 _p30.00 _q6 _r0 _sY _tBOOK _u2015-7-6 _xEDUCACION _PP57 _0COMPRA _o.CIRCNOTE. No olvidar cambiar la fecha de devolución!!!!!!! _o.STAFF. Colección General |
||
| 980 |
_81 _gALBERTO SANCHEZ Responsable de Automatización |
||